000 01067cad a22001935a 4500
001 L155310
008 120316s2012 xxk f 000 0 eng d
035 _a(Sirsi) u155310
041 0 _aeng
110 2 _aConfederation of British Industry
_9414
245 0 0 _aMinor measures major results
_bfine tuning the major infrastructure planning system
_h[electronic resource]
260 _aLondon
_bCBI
_c2012
520 _aCBI report urges government to make further imrovements to major infrastructure planning in the UK to help accelerate investment and speed up decision making. With 52 projects in the pipeline the government should reduce uncertainty at the pre-application stage, introduce more flexbility into system and simplify the non planning consent landscape.
590 _aKA NTK
651 4 _aUnited Kingdom
690 _aPlanning and development
_96259
856 4 0 _uhttps://www.cbi.org.uk/media/1342433/minor_measures_major_results_-_fine_tuning_the_major_infrastructure_planning_system.pdf
_zView the item free of charge at www.cbi.org.uk
942 _n0
999 _c113473
_d113473